000 01139nam0a22003131 4500
001 RU\NLR\INFOCOMM_190\5000064088
005 20250613095951.0
035 _a(NLR Aleph) 009321028
090 _a9395723
_c9395723
100 _a20100902d1961 |||y0rusy50 ca
101 0 _aeng
102 _aRU
105 _aa ||||000|y
200 1 _aProduction of neutral pions in proton collisions with complex nuclei
_fA. F. Dunaitsev and Yu. D. Prokoshkin
210 _aДубна
_d1961
215 _a11 с.
_cграфик.
_d29 см
225 1 _aˆ[‰Издания]
_fОбъедин. ин-т ядерных исследований
_vD-648
_fЛаборатория ядерных проблем
309 _aОтпеч. множит. аппаратом
320 _aБиблиогр.: с. 11
686 _aФз-1640
_2rubbk
700 1 _9z01790
_aDunajcev
_bA. F.
_gAnatolij Fedorovič
_4070
701 1 _9z02790
_aProkoškin
_bJu. D.
_4070
790 1 _9z01700
_aDunaitsev
_bA. F.
_4070
790 1 _9z02701
_aProkoshkin
_bYu. D.
_4070
801 1 _aRU
_bNLR
_c20100902
801 0 _aRU
_bNLR
_gPSBO
852 _aNLR
_jP11/3130
942 _cBOOK
980 _aNB